IKEA Locations #1 - Western USA - Statistics

General Stats
  • This quiz has been taken 27 times
  • The average score is 2 of 15
Answer Stats
IKEA % Correct
Portland
71%
Oakland
50%
Draper
21%
Houston
21%
Burbank
14%
Centennial
7%
Tempe
7%
East Palo Alto
0%
Live Oak
0%
Merriam
0%
Renton
0%
Rhodes Ranch
0%
Round Rock
0%
South Loop District
0%
West Sacramento
0%
No matching quizzes found
Score Distribution
Percent of People with Each Score
Percentile by Number Answered
Your Score History
You have not taken this quiz